Modernising land and property markets (Record no. 69145)
[ view plain ]
| 000 -LEADER | |
|---|---|
| fixed length control field | 01211cam a2200217 4500 |
| 001 - CONTROL NUMBER | |
| control field | WB3801-43 |
| 008 - FIXED-LENGTH DATA ELEMENTS--GENERAL INFORMATION | |
| fixed length control field | 011219n2001 000 0 eng u |
| 035 ## - SYSTEM CONTROL NUMBER | |
| System control number | (Sirsi) u116074 |
| 245 ## - TITLE STATEMENT | |
| Title | Modernising land and property markets |
| 260 ## - PUBLICATION, DISTRIBUTION, ETC. | |
| Date of publication, distribution, etc. | 2001 |
| 490 ## - SERIES STATEMENT | |
| Series statement | Lord Chancellor's Department Press Release |
| Volume/sequential designation | (434/01) 12 December 2001, (2) |
| 520 ## - SUMMARY, ETC. | |
| Summary, etc. | The Lord Chancellor, Lord Irvine has unveiled government's response to the Land Registry's Quinquennial Review published in June. Plans to modernise the land and property markets will be undertaken, designed to benefit both homebuyers and businesses by making the market more transparent and simpler to use. The government, with the help of the Land Registry, has decided upon a number of schemes, including extending the Land Register and creating a new independent adjudication service for land registration disputes. Further information can be obtained from the Land Registry website (www.landreg.gov.uk - see What's New?) |
| 590 ## - LOCAL NOTE (RLIN) | |
| Local note | WB |
| 650 ## - SUBJECT ADDED ENTRY--TOPICAL TERM | |
| Topical term or geographic name entry element | HM LAND REGISTRY |
| 650 ## - SUBJECT ADDED ENTRY--TOPICAL TERM | |
| Topical term or geographic name entry element | NATIONAL LAND INFORMATION SERVICE |
| 650 ## - SUBJECT ADDED ENTRY--TOPICAL TERM | |
| Topical term or geographic name entry element | LORD CHANCELLORS DEPARTMENT |
| 650 ## - SUBJECT ADDED ENTRY--TOPICAL TERM | |
| Topical term or geographic name entry element | CONVEYANCING |
| 650 ## - SUBJECT ADDED ENTRY--TOPICAL TERM | |
| Topical term or geographic name entry element | REFORM |
| 690 ## - LOCAL SUBJECT ADDED ENTRY--TOPICAL TERM (OCLC, RLIN) | |
| Topical term or geographic name as entry element | PROPERTY |
| 942 ## - ADDED ENTRY ELEMENTS (KOHA) | |
| Suppress in OPAC | 0 |
| Withdrawn status | Lost status | Source of classification or shelving scheme | Damaged status | Not for loan | Home library | Current library | Shelving location | Date acquired | Total Checkouts | Full call number | Barcode | Date last seen | Copy number | Price effective from | Koha item type |
|---|---|---|---|---|---|---|---|---|---|---|---|---|---|---|---|
| Dewey Decimal Classification | London | London | News article | 19/12/2001 | WB3801-43 | 116074-1001 | 06/08/2019 | 1 | 06/08/2019 | News article |